Štátne kúpele Piešťany

Zobrazenie: Napoleonské kúpele (Staré kúpele) a Thermia Palace

Bibliographic Details
Format: Postcard
Language:Slovak
PhysicalDescription:1 pohľadnica čiernobiela 11 x 15 cm
Published: Bratislava Tvar 1953
Subjects:

MARC

LEADER 00000nkm a2200000 a 4500
001 vtls011577878
003 SK-MaSNL
005 20260512125730.0
007 kp bo
008 231214s1953 xo g kuslo
015 |a SNBG 
035 |a urn:nbn:sk:snk-km00c0dq 
035 |a urn:nbn:sk:snk-km3lpbg 
035 |a 16270C60-2381-4622-89D7-5CFC7EDF8CD4 
040 |a SNK  |b slo  |c SNK  |e AACR2 
041 0 |a slo 
043 |a e-xo--- 
044 |a xo  |c SK 
080 |a 711.435(437.6)  |2 2011 
080 |a 711.455:615.838  |2 2011 
080 |a 913(437.6)  |2 2011 
080 |a 614.2:[725.1:614.21]  |2 2011 
080 |a 728.5  |2 2011 
080 |a (437.6)  |2 2011 
080 |a (084.121)  |2 2011 
245 0 0 |a Štátne kúpele Piešťany  |h grafika 
260 |a Bratislava  |b Tvar  |c 1953 
300 |a 1 pohľadnica  |b čiernobiela  |c 11 x 15 cm 
520 8 |a Zobrazenie: Napoleonské kúpele (Staré kúpele) a Thermia Palace 
610 2 7 |a Napoleonské kúpele (Piešťany, Slovensko)  |2 SNKKA  |9 291957 
610 2 7 |a Thermia Palace (Piešťany, Slovensko)  |2 SNKKA  |9 283320 
650 0 7 |a kúpele  |2 SNKPH  |9 1139 
650 0 7 |a liečebne  |2 SNKPH  |9 56920 
650 0 7 |a hotely  |2 SNKPH  |9 18422 
651 7 |a Piešťany (Slovensko)  |2 SNKPH  |9 23981 
655 7 |a miestne pohľadnice  |2 SNKPH  |9 70510 
852 |a Slovenská národná knižnica 
958 |a GC 
958 |a GBN 
958 |a OND 
999 |c 1104313  |d 1106243 
952 |a SNK  |b SNK  |y PREZ  |7 0  |p 17A1209041  |o snkSP 22138  |0 0  |1 0  |4 0  |d 2016-09-06  |f 1  |l 0  |r 2026-02-24 17:41:17  |w 2026-02-24